Tropical Fruits Quiz Stats

Quiz Updated Dec 3, 2015

Challenge
Share
Tweet
Score 0/12 Timer 03:00
2 Plays Today
% Correct
Pineapple
99.3%
Coconut
97.7%
Banana
97.5%
Mango
95.1%
Carambola (starfruit)
89.5%
Papaya
83.8%
Pitaya (dragon fruit)
73.2%
Guava
56.4%
Passion fruit
49.7%
Durian
37.9%
Jackfruit
20.1%
Breadfruit
11.2%

You're not logged in!

Compare scores with friends on all Sporcle quizzes.
Sign Up with Email
OR
Log In

You Might Also Like...

Show Comments

Extras

Top Quizzes Today


Score Distribution

Your Account Isn't Verified!

In order to create a playlist on Sporcle, you need to verify the email address you used during registration. Go to your Sporcle Settings to finish the process.